000 00955cam a2200241 i 4500
005 20251204120041.0
008 250721s2008 sy gr 000 0 ara d
082 1 4 _a214.5
_bع ب د
100 1 _aعبد الحكيم، منصور
_eمؤلف.
245 1 0 _aمالك عليه السلام خازن النار والنار وأهوالها وأهلها /
_cمنصور عبد الحكيم.
250 _aالطبعة الاولى.
264 3 1 _aالقاهرة :
_bدار الكتاب الاعربي.
_c2008.
264 3 1 _aدمشق :
_bدار الكتاب الاعربي،
_c2008.
300 _a286 صفحة.
490 0 _aملائكة الله المقربون الكرام.
650 1 7 _aالملائكة.
650 1 7 _aجهنم.
650 1 7 _aالعقيدة الدينية.
653 _aمالك خازن النار
830 0 _aملائكة الله المقربون الكرام.
942 _2ddc
_cBK
999 _c120013
_d120013